LEADER 01459nam a2200313 u 4500 001 000000034548 003 CaOOAMICUS 005 20070226112502.0 008 980127s1996 it u000 u ita u 020 $a88 8114 3232 035 $a10781048 040 $aPUL$bita 100 1 $aRizzacasa, Aurelio,$d1940-$0(OLS)http://pul/name/9307 245 10$aFenomenologia ed esistenza :$bItinerario nel pensiero contemporaneo. 260 $aNapoli :$bEdizioni scientifiche italiane,$c1996. 300 $a260 p. ;$c24 cm 490 1 $aRicerche filosofiche (Università degli studi di Perugia) ;$v5 504 $aNota bibliografica p. 255-256 650 4$aFenomenologia$xCritica e interpretazione.$0(OLS)http://pul/subject/17511 650 4$aFilosofia contemporanea.$0(OLS)http://pul/subject/8502 710 2 $aUniversità degli studi di Perugia.$0(OLS)http://pul/name/5263 830 0$aRicerche filosofiche (Università degli studi di Perugia) ;$v5.$0(OLS)http://pul/title/47560 850 $aPUL 852 $aPUL$W1$xSL Filosofia 1$y2$m86 F 65$j47302$nBK-PRI$b $qStampati$B47302$CPULBib$Z2$F47302 $H $81 941 1 $a8 961 $aINV: 77272 corrente 996 $6020$a88 8114 3232$9(OLS)http://pul/number/43390 996 $6245$aFenomenologia ed esistenza :$bItinerario nel pensiero contemporaneo$9(OLS)http://pul/title/47559 996 $6260$aNapoli :$bEdizioni scientifiche italiane$9(OLS)http://pul/publisher/48388 LEADER 01203nam a2200265 u 4500 001 000000118716 003 CaOOAMICUS 005 20091211123154.0 008 091211s1966 gw u000 u ger r 040 $aPUL$bita$dMCT 041 0 $ager$alat 100 1 $aZumkeller, Adolar,$cO.S.A.,$d1915-$0(OLS)http://pul/name/12345 245 10$aManuskripte von Werken der Autoren des Augustiner-Eremitenordens in mitteleuropäischen Bibliotheken /$cvon Adolar Zumkeller. 260 $aWürzburg :$bAugustinus-Verlag,$c1966. 300 $a764 p. ;$c23 cm. 490 1 $aCassiciacum ;$v20 504 $aBibliografia in nota. 546 $aTesto in tedesco e latino. 610 24$aAgostiniani.$xManoscritti.$0(OLS)http://pul/subject/36067 830 0$aCassiciacum ;$v20.$0(OLS)http://pul/title/5236 850 $aPUL 852 $aPUL$W1$xDP1 Cons. Gen., Altre Classi 1$y22$m437 I 5$j136217$qStampati$B135201$CPULBib$Z2$F135201 $H27180 $82 941 1 $a8 996 $6245$aManuskripte von Werken der Autoren des Augustiner-Eremitenordens in mitteleuropäischen Bibliotheken$9(OLS)http://pul/title/149405 996 $6260$aWürzburg :$bAugustinus-Verlag$9(OLS)http://pul/publisher/49964